[Event "Tan Chin Nam Cup 2nd"]
[Site "Beijing"]
[Date "1996.??.??"]
[Round "2"]
[White "Atalik, Suat"]
[Black "Liang, Jinrong"]
[Result "1/2-1/2"]
[WhiteElo "2525"]
[BlackElo "2425"]
[Annotator "Atalik,S"]
[PlyCount "84"]
[EventDate "1996.08.??"]
[EventType "tourn"]
[EventRounds "9"]
[EventCountry "CHN"]
[EventCategory "10"]
[SourceTitle "CBM 055"]
[Source "ChessBase"]
[SourceDate "1996.12.01"]
[SourceVersion "1"]
[SourceVersionDate "1996.12.01"]
[SourceQuality "1"]

1. d4 Nf6 2. c4 e6 3. Nf3 d5 4. g3 Be7 5. Bg2 O-O 6. O-O dxc4 7. Na3 Bxa3 8.
bxa3 Bd7 9. Ne5 Bc6 10. Nxc6 Nxc6 11. Bb2 Nd5 12. Rb1 Qd6 $5 13. e3 $5 (13. Qc1
Nb6 (13... c3 $6 14. Bxc3 Nxc3 15. Qxc3 Nxd4 16. Rfe1 Rab8 17. e3 Nf5 18. Bxb7
$16) 14. Rd1) 13... Rab8 14. Qc1 b5 15. a4 a6 16. axb5 axb5 17. a4 c3 $1 (17...
bxa4 18. Ra1 Rb3 19. Ba3 Ncb4 20. Qxc4 $44) 18. Bxc3 (18. Bxd5 $2 Qxd5 19. axb5
cxb2 20. Qxc6 Qb3 $19) 18... bxa4 19. Ra1 Rb3 20. Bb2 $2 (20. Bxd5 Qxd5 21.
Rxa4 $10) 20... Rfb8 21. Ba3 Ncb4 22. Qc4 Rc3 23. Qe2 Qb6 $1 24. Bxb4 $6 (24.
Rfc1 $8 Rb3 25. Qc4) 24... Qxb4 25. Bxd5 (25. Qa2 $6 Nb6 26. Rfb1 Rb3 27. Rc1
Rb2 28. Qa3 Qd2 29. Rf1 Nc4 30. Qxa4 Nxe3 $19) 25... exd5 26. Qa2 Rc4 27. Rab1
Qf8 28. Rxb8 Qxb8 29. Rb1 Qe8 30. Qb2 g6 31. Qb8 Kf8 $1 $138 32. Kg2 a3 33. Qb3
Qa4 34. Qb8+ Qe8 35. Qb3 Qa4 $2 (35... Qe4+ 36. Kg1 (36. Kh3 Kg7) 36... Rc3 $19
) 36. Qb8+ Kg7 37. Qd8 Qc2 (37... Rb4 38. Rc1 a2 $2 (38... c6 39. Qc7) (38...
Rb7 39. Qxd5) 39. Rxc7 Qa6 40. Qe7 Qf6 41. Qxb4 a1=Q 42. Rc8 Qf5 43. Qf8+ Kf6
44. Re8 $18) 38. Rb8 Qe4+ 39. Kh3 Qf5+ 40. Kg2 Qe4+ 41. Kh3 Qf5+ (41... Rc2 $2
42. Qf8+ Kf6 43. Qh8+ Kf5 44. Re8 $18) 42. Kg2 Qe4+ 1/2-1/2

[Event "Paracin GM"]
[Site "Paracin"]
[Date "2018.07.17"]
[Round "5"]
[White "Lorparizangeneh, Shahin"]
[Black "Atalik, Suat"]
[Result "1/2-1/2"]
[WhiteElo "2493"]
[BlackElo "2509"]
[Annotator "Atalik,S"]
[PlyCount "104"]
[EventDate "2018.07.14"]
[EventType "tourn"]
[EventRounds "9"]
[EventCountry "SRB"]
[EventCategory "8"]
[SourceTitle "CBM 186"]
[Source "ChessBase"]
[SourceDate "2018.09.14"]
[SourceVersion "1"]
[SourceVersionDate "2018.09.14"]
[SourceQuality "1"]

1. g3 d5 2. Nf3 Nf6 3. Bg2 e6 4. O-O Be7 5. c4 (5. d3 O-O 6. Nbd2 Nc6 $5) 5...
O-O 6. d4 dxc4 7. Qc2 a6 8. a4 Bd7 9. Qxc4 Bc6 10. Bf4 (10. Bg5 {was my choice
against Pavlovic from Kragujevac 2015.} h6 11. Bxf6 Bxf6 12. Nc3 Bxf3 13. Bxf3
c6 14. e3 a5 $14) 10... Nbd7 (10... Bd6 $5 11. Qc1) 11. Nc3 Bd6 {Tricky move
order.} 12. Bd2 $5 {I have to admit that I was utterly surprised by this
choice, albeit it has been played by Gelfand.} a5 $146 13. Qd3 Bb4 14. Rfe1 Re8
({Some time I might go for the exchange.} 14... Bxf3 15. Qxf3 c6) 15. Qc2 (15.
Rad1 $5 Nb6 16. b3 Bxf3 17. Bxf3 c6) 15... Bxf3 $1 (15... e5 16. dxe5 Nxe5 17.
Nxe5 Rxe5 18. Bxc6 bxc6 19. Rad1 $14) 16. Bxf3 c6 17. Red1 Qb6 18. Bg5 (18. Be3
Nd5 19. Bc1) 18... h6 19. Bxf6 Nxf6 20. Ne4 Nxe4 21. Bxe4 Rad8 22. e3 Rd6 23.
Rd3 Qd8 24. Rad1 Re7 (24... h5 25. h4 g5 26. hxg5 Qxg5 27. Kg2 h4 28. Rh1 hxg3
29. f4 Qf6 30. Kxg3 Kf8 $13) 25. Qc4 Red7 26. Bg2 Qe7 27. h4 h5 28. Bf3 g6 29.
Bg2 Kg7 30. b3 e5 31. dxe5 (31. d5 cxd5 32. Rxd5 Rxd5 33. Rxd5 Rxd5 34. Bxd5 b6
35. Kg2 Bc5 $11) 31... Qxe5 (31... Rxd3 32. Rxd3 Rxd3 33. Qxd3 Qxe5) 32. Rxd6
Rxd6 33. Rxd6 Qxd6 34. Be4 $11 Qf6 35. Kf1 Qa1+ 36. Kg2 Qe5 37. Bf3 f5 $5 38.
Qd4 Qxd4 39. exd4 Bd6 40. d5 c5 41. Be2 f4 42. Kf3 (42. g4 hxg4 43. Bxg4 Kf6)
42... fxg3 43. fxg3 Kf6 44. Bd3 g5 45. hxg5+ Kxg5 46. Kg2 $11 b6 (46... Kg4 47.
Be2+) 47. Kh3 Bb8 48. Be2 Be5 49. Bd3 Bd6 50. Be2 Be5 51. Bd3 Bd6 52. Be2 Be5
1/2-1/2

[Event "Veliko Gradiste Silver Lake op"]
[Site "Veliko Gradiste"]
[Date "2018.06.22"]
[Round "7"]
[White "Atalik, Suat"]
[Black "Karavade, Eesha"]
[Result "1-0"]
[WhiteElo "2512"]
[BlackElo "2399"]
[Annotator "Atalik,S"]
[PlyCount "105"]
[EventDate "2018.06.17"]
[EventType "swiss"]
[EventRounds "9"]
[EventCountry "SRB"]
[SourceTitle "CBM 186"]
[Source "ChessBase"]
[SourceDate "2018.09.14"]
[SourceVersion "1"]
[SourceVersionDate "2018.09.14"]
[SourceQuality "1"]

1. d4 Nf6 2. c4 e6 3. Nf3 d5 4. g3 Be7 5. Bg2 O-O 6. O-O dxc4 7. Qc2 a6 {
Two alternatives} ({are} 7... b5 8. a4 b4 9. Nfd2 c6 10. Nxc4 Qxd4 11. Rd1 Qc5
12. Be3 Qh5 13. Nbd2 Ng4 14. Nf1 $44) (7... b6 8. Bg5 Nd5 9. Bxe7 Qxe7 $13) 8.
a4 Bd7 9. Rd1 {Sosonko.} (9. Qxc4 Bc6 10. Bg5 Bd5 11. Qd3 c5 12. Nc3 Bc6 13.
Bxf6 $5 Bxf6 14. Ne4 Nd7 15. Rfd1 {is the idea I applied against GM Milos
Pavlovic with the proper order of moves.}) 9... Bc6 10. Nc3 Bxf3 (10... Bb4 11.
Bg5 Bxc3 12. Qxc3 Ne4 13. Bxd8 Nxc3 14. bxc3 Rxd8 15. Ne5 Bxg2 16. Kxg2 Nc6 $1
{and White's advantage is not clear.}) 11. Bxf3 Nc6 12. Bxc6 bxc6 13. a5 Rb8 (
13... Qb8 14. Bg5 $5) (13... Nd5 14. Na2) 14. Qa4 $6 (14. Ra4 Rb4 15. Na2 Rxa4
16. Qxa4 Qb8 17. Qxc4 Qb7 $1 $132) 14... Bb4 (14... Rb4 15. Qxc6 Qd6 16. Qf3
$13) 15. Na2 Be7 16. Qxc4 ({There have been many short draws with} 16. Nc3 Bb4
$11) 16... Qd5 17. Qxd5 $146 (17. Qd3 $2) 17... cxd5 $5 (17... Nxd5 18. Nc3 $5)
18. b4 Ne4 19. Bf4 Bxb4 $2 (19... Nd6 $142 20. Bxd6 (20. Rdc1 Nc4 21. Bxc7 Rb5)
20... Bxd6 21. Rdc1 Rb5 22. Rc6 Ra8 $17 {Followed by Kf8-e7-d7.}) 20. Bxc7 Rb5
21. Nxb4 (21. Rdb1 $6 Ba3 22. Rxb5 axb5 23. Rb1 Rc8 24. Bb6 b4) 21... Rxb4 22.
Rac1 Rc8 $2 (22... Rb2 23. Kf1 Nd2+ 24. Ke1 Nc4 25. Rb1 $11) (22... Rb3 23. Rd3
$1) 23. f3 Rc4 24. Rxc4 dxc4 25. fxe4 Rxc7 $14 {White is only optically better.
} 26. Kf2 Kf8 27. Ke3 (27. Rb1 c3) 27... Rb7 (27... e5 $5 28. Rc1 Ke7 29. d5
Rc5 30. g4 $13) 28. Rc1 Rb5 (28... Rb4 29. Kd2 Ke7 30. Kc3 Ra4) 29. Rxc4 Rxa5
30. Rc8+ Ke7 31. e5 Ra1 32. Rh8 h6 33. Rg8 g6 34. Rh8 h5 35. Ra8 (35. Kf4 Ra2
$1) 35... a5 36. Kf4 Ra2 37. e4 (37. Kg5 Rxe2 38. Kh6 Rxh2 39. Kg7 Rf2 (39...
Rg2 40. Rxa5 Rxg3 41. Ra7+ Ke8 42. Rxf7 h4 $11) 40. Rxa5 g5 41. Ra7+ $11) 37...
Rd2 (37... Rxh2 38. d5 exd5 39. exd5 $44) 38. Ra7+ (38. Rxa5 Rxd4) (38. Kg5
Rxd4 39. Ra7+ Rd7 40. Rxa5 Rd2 41. Ra7+ Kf8 42. Kh6 Rxh2 43. Ra8+ Ke7 44. Kg7
h4 45. gxh4 Rxh4 46. Ra7+ Ke8 47. Rxf7 Rxe4 48. Rf8+ $11) 38... Kf8 (38... Ke8)
39. Ke3 Rxh2 40. d5 exd5 41. exd5 Rh1 (41... Ra2 $2 42. d6) 42. Rxa5 (42. d6
Ke8 43. Re7+ Kf8 44. Kd4 Rd1+ 45. Kc5 g5 46. Ra7 Ke8 47. Rxa5 h4 48. gxh4 gxh4
$11) 42... Rd1 43. Ke4 g5 $5 {During the game I thought that this should have
lost but Black still ought to draw.} (43... Ke7 $5) 44. d6 h4 45. g4 h3 {
White has to take an important decision.} 46. Ra2 $5 ({The natural} 46. Ra8+
Kg7 47. Ra2 {helps Black to insert} f6 $1 48. Kf5 h2 $3 (48... fxe5 $2 49. Ke6
$1 e4 50. d7 e3 51. Rh2 $1 $18) 49. Rxh2 (49. exf6+ Kf7 50. Rxh2 Rd5+ $1 $11)
49... Rd5 50. Re2 Kf7 $1 {is the last exact move and Black draws.} 51. Re1 fxe5
52. Rxe5 Rxd6 $11) 46... Rf1 (46... Rg1 47. Kf5) (46... f6 $2 47. Kf5 $1) 47.
Rh2 f5+ $4 $138 {A terrible blunder.} (47... Rf4+ 48. Kd5 Rf3 49. Kc6 Ke8 $1
50. Ra2 Rc3+ 51. Kd5 Re3 52. Ra8+ Kd7 53. Rh8 Rf3 54. Rh7 Ke8 $11) 48. gxf5 g4
49. e6 g3 50. Rxh3 g2 51. e7+ ({Another winning move is} 51. d7 $18) 51... Kf7
52. Rh7+ Kf6 53. e8=N+ (53. e8=N+ Kg5 54. Rg7+ $18) 1-0

[Event "Hoogovens-B"]
[Site "Wijk aan Zee"]
[Date "1997.01.31"]
[Round "9"]
[White "Atalik, Suat"]
[Black "Van der Sterren, Paul"]
[Result "0-1"]
[WhiteElo "2555"]
[BlackElo "2515"]
[Annotator "Atalik,S"]
[PlyCount "96"]
[EventDate "1997.01.21"]
[EventType "tourn"]
[EventRounds "11"]
[EventCountry "NED"]
[EventCategory "10"]
[SourceTitle "CBM 057"]
[Source "ChessBase"]
[SourceDate "1997.04.01"]
[SourceVersion "1"]
[SourceVersionDate "1997.04.01"]
[SourceQuality "1"]

1. d4 Nf6 2. Nf3 d5 3. c4 e6 4. g3 Be7 5. Bg2 O-O 6. O-O dxc4 7. Qc2 a6 8. a4
Bd7 9. Nbd2 {Bu fikir Kaidanov un eski bir fikri.Bu oyunun ilginc tarafi bana
bu fikri asilayan GM Dmitry Gurevich in oyunun oynandigi gun Isvicre den bizi
ziyarete gelmis olmasiydi.} Bc6 10. a5 b5 (10... Nbd7 11. Rd1 b5 12. b3 c3 13.
Qxc3 Bb7 14. Bb2 Rc8 15. Ne5 Bxg2 16. Kxg2 c5 17. Qf3 $14) 11. axb6 cxb6 12.
Nxc4 Be4 13. Qb3 $6 $146 (13. Qd1 Nc6 14. Bg5 Nb4 15. Qd2 a5 16. Rfc1 Rc8 17.
Ne1 Bxg2 18. Nxg2 Ne4 19. Bxe7 Nxd2 20. Bxd8 Nb3 21. Be7 Nxc1 22. Rxc1 Rfe8 23.
Bg5 Na2 24. Rc2 b5 25. Nce3 f6 26. Bf4 e5 27. dxe5 g5 28. Rxc8 Rxc8 29. Nd5 Rd8
30. e4 gxf4 31. e6 $44 {GM Kaidanov,G(2500)-GM Wells,P(2410) London Lloyds 1990
}) 13... Bd5 14. Qd3 Be4 15. Qb3 {Bu hamle tahmin edebileceginiz gibi genel
karakterimin disinda,fakat bir  tur once kaybetmem Dima nin sehre gelmesiyle
birlesince beraberlige razi oldum.} (15. Qe3 Nc6 16. Bd2 {oyuna geri donerdi.
Fakat yukarida saydigim sebepler sonucunda bu karari Paul e biraktim.}) 15...
Bd5 16. Qd3 Nc6 17. Bd2 Be4 18. Qe3 {15. hamledeki bahsi gecen konuma ulasildi.
} Rc8 19. Rfc1 (19. Rxa6 $4 Nb8) 19... Bxf3 20. Bxf3 Nxd4 21. Bb7 Rb8 (21...
Ng4 22. Qd3 Rc7 23. Bxa6 b5 $2 (23... Rd7 24. Be1 $1 (24. Bf4 Bc5 25. Rf1)
24... b5 25. Ba5 bxc4 (25... Qe8 26. Nb6) 26. Rxc4 Qa8 27. Rxd4 Nxf2 28. Kxf2
Rxd4 29. Qxd4 Qxa6 30. Qxg7+ Kxg7 31. Bc3+) 24. Ba5 bxc4 25. Rxc4 Ne5 26. Rxd4
Nxd3 27. Rxd8 Rxd8 28. Bxc7) 22. Bxa6 Ng4 23. Qd3 (23. Qe4 $5 f5 24. Qd3) 23...
b5 24. Ba5 Qd5 (24... bxc4 $2 25. Rxc4 Ne5 26. Bxd8 Nxd3 27. Bxe7 $18) 25. Nb6
Qh5 26. h4 Rfd8 $2 (26... Bxh4 $2 27. Kg2 Bf6 28. Rh1 Qg6 29. Qxg6 hxg6 30. Nd7
$18) (26... Rbd8 $1 27. Nc8 Bxh4 (27... Bc5 28. Bxd8 Rxd8 29. Kg2 (29. Qe4 f5
30. Rxc5) 29... Nxf2) 28. Kg2 Bxg3 (28... Nxf2 29. Kxf2 Bxg3+ 30. Qxg3 Qxe2+
31. Kg1 Nf3+ 32. Kh1 Rd4 33. Bxb5 Qxb5 34. Qxf3 Rh4+ 35. Kg2 Qg5+ 36. Qg3 Rg4
37. Be1 Rxg3+ 38. Bxg3 $13) 29. Qxg3 (29. Rh1 Bh4 (29... Bh2 30. Bxd8 Rxd8 31.
f3 Ne5 32. Qe4 Ndxf3 $17) 30. Bxd8 Rxd8 31. Qe4 Qg5 32. Kf1 Nb3 $17) 29... Nxe2
30. Qf3 Rd3 $3 31. Ne7+ Kh8 32. Rh1 Rxf3 33. Rxh5 Rxf2+ 34. Kh3 f5 $13) 27. Nc8
Bxh4 28. Kg2 $1 (28. Bxd8 Bf6 $3) 28... Bf6 (28... Bxg3 29. Qxg3 Nxe2 30. Qxb8)
(28... Nxf2 29. Kxf2 Bxg3+ 30. Qxg3 Qxe2+ 31. Kg1 Nf3+ 32. Kh1 Rd4 33. Ne7+ Kf8
34. Qxb8+ Kxe7 35. Bd8+ $1 Rxd8 36. Rc7+ Kf6 37. Qxd8+ Kg6 38. Qd6 $18) 29. Rh1
Qd5+ 30. e4 $2 {Burasi oyunun enkritik noktasiydi.Dogal gorunen bu hamle yerine
} (30. f3 $1 {hemen kazanirdi.} Nh6 (30... Rbxc8 31. Bxc8 Rxc8 32. Qxh7+ Kf8
33. Qh8+ Ke7 34. Qxc8 Nxe2 35. Bb4+) 31. Bxd8 Qxd8 32. e3 Ndf5 33. Qxd8+ Bxd8
34. e4 Nd4 35. Nd6 Bc7 36. e5 Nhf5 37. Nxf5 $18) 30... Qb3 $1 31. Qxb3 Nxb3 32.
Bxd8 Bxd8 33. Rad1 Bf6 34. Rh5 (34. Rhe1 Nc5 35. e5 Nxa6 36. exf6 Rxc8) 34...
g5 35. Nd6 h6 36. Bxb5 $2 (36. Kf3 Ne5+ 37. Ke2 Nc5 38. Bxb5 Be7 39. b4 Bxd6
40. bxc5 Bxc5 $11) 36... Nd4 37. Rd3 $6 (37. Be2 $1 Nxe2 38. Kf3 Nxf2 39. Kxe2
(39. Kxf2 Rxb2 40. Kf3 Bg7 (40... Nd4+ 41. Kg4 $11))) 37... Nxb5 38. Rb3 Nxd6
39. Rxb8+ Kg7 40. Rb3 $2 {Zeitnotun son hamlesi.} (40. f3 Ne3+ 41. Kh1 g4 $17)
(40. b4 Nxe4 41. b5 Nexf2 42. b6 Kg6 $19) 40... Bd4 $1 $17 41. Rd3 e5 {Oyun
bir anda yine el degistirdi.} 42. Rh1 Nxe4 43. f3 Nc5 44. Rxd4 Ne3+ 45. Kf2
exd4 46. Ke2 Nc4 47. b4 d3+ 48. Kf2 Na4 {Bu hamleyle turnuvanin en ilginc
partilerinden biri bitmis oluyordu.Beyaz terk eder.} 0-1

[Event "Asia-ch"]
[Site "Kolkata"]
[Date "2001.08.13"]
[Round "5"]
[White "Hakki, Imad"]
[Black "Nolte, Rolando"]
[Result "0-1"]
[WhiteElo "2428"]
[BlackElo "2324"]
[Annotator "Atlas,V"]
[PlyCount "50"]
[EventDate "2001.08.09"]
[EventType "swiss"]
[EventRounds "11"]
[EventCountry "IND"]
[SourceTitle "CBM 085"]
[Source "ChessBase"]
[SourceDate "2001.11.13"]
[SourceVersion "1"]
[SourceVersionDate "2001.11.13"]
[SourceQuality "1"]

1. Nf3 Nf6 2. c4 e6 3. g3 d5 4. Bg2 Be7 5. O-O O-O 6. d4 dxc4 7. Qc2 a6 8. Qxc4
b5 9. Qc2 Bb7 10. Bd2 Nbd7 11. Ba5 Rc8 12. Nbd2 Bd6 13. e4 e5 14. Rfe1 Qe8 15.
b4 Nb6 16. a3 Nfd7 17. Rac1 exd4 18. e5 Be7 19. Bxb6 Nxb6 20. Ng5 $2 ({A very
bad slip.} 20. Nxd4 {was to be preferred; yet, after} Bxg2 21. Kxg2 c5 {
Black has a good counterplay.}) {[%tqu "En","How can Black punish White's last
'smart' move?","Use a shaky postion of both white knights.","Play
energetically not to allow White any time for defence.","d4d3","Correct! This
simple and elegant pawn thrust does not leave White any chances.",5]} 20... d3
$1 {[%csl Rd2,Rg5][%cal Ge7g5,Gc8d8,Gd8d2] After this pawn thrust the game is
over.} 21. Qxd3 Bxg5 22. f4 ({Or} 22. Bxb7 Rd8 {winning.}) 22... Bxg2 23. Kxg2
Be7 {White has no slightest compensation for the piece.} 24. Ne4 Nc4 25. Qf3 c5
0-1

[Event "EU-chT (Men) 17th"]
[Site "Novi Sad"]
[Date "2009.10.29"]
[Round "8"]
[White "Avrukh, Boris"]
[Black "Sanikidze, Tornike"]
[Result "1-0"]
[WhiteElo "2668"]
[BlackElo "2600"]
[Annotator "Avrukh,B"]
[PlyCount "59"]
[EventDate "2009.10.22"]
[EventType "team-swiss"]
[EventRounds "9"]
[EventCountry "YUG"]
[SourceTitle "CBM 133"]
[Source "ChessBase"]
[SourceDate "2009.11.19"]
[SourceVersion "1"]
[SourceVersionDate "2009.11.19"]
[SourceQuality "1"]
[WhiteTeam "Israel"]
[BlackTeam "Georgia"]
[WhiteTeamCountry "ISR"]
[BlackTeamCountry "GEO"]

1. d4 Nf6 2. c4 e6 3. g3 d5 4. Bg2 Be7 5. Nf3 O-O 6. O-O dxc4 7. Qc2 a6 8. a4 (
{Previously I always opted for} 8. Qxc4 b5 9. Qc2 Bb7 10. Bd2 {, the line,
that has been recommended in my book "1.d4 Repertoire according to Avrukh",
but this time I decided to choose another option.}) 8... Bd7 9. Qxc4 Bc6 10.
Bf4 {Recently this move has become fashionable.} ({White's first choice
according to the theory is} 10. Bg5 {but present theory considers it pretty
harmless.}) 10... Nd5 ({Both} 10... a5) ({and} 10... Nbd7 {are the more
popular options.}) 11. Nc3 {I believe this is the most challenging move.} ({
More often seen in practice is} 11. Bd2 {, but I believe Black has good play
after} Nd7 12. Qc2 Nb4 $1 13. Bxb4 Bxb4) 11... Nxf4 12. gxf4 {Eventually we
have reached a thematic pawn structure for the Catalan opening with each side
having its own trumps: White has more control in the centre plus the
opportunity to seize an initiative on the kingside with the help of the open
g-file, while Black is very solid and will try to create counterplay on the
queenside.} a5 13. Ne5 $1 $146 {I believe this is essential idea, since after}
(13. Rfd1 {Black can play not only} Bd5 {, but also} (13... Bxf3 14. Bxf3 c6 {
and I don't believe White can pose Black any problems here.}) 14. Qb5 Na6 15.
e4 Bc6 16. Qc4 Nb4 17. Ne5 Be8 $13 {0-1 Hulak,K (2540)-Psakhis,L (2575)/Zagreb
1993/CBM 035/[Ftacnik] (37)}) 13... Bxg2 14. Kxg2 c6 15. Rad1 Na6 16. e3 {
[%csl Gf4] Always a useful move in this type of structure.} Nb4 17. Rg1 {
The only active idea for White, he is going to double his rooks along g-file
in order to seize the initiative on the kingside.} Nd5 18. Kh1 f6 {An
understandable decision, White's knight on e5 was really annoying, but
obviously the text move has a clear drawback as it weakens Black's pawn
structure on the kingisde.} ({In my opinion Black could try} 18... g6 19. Ne4
Qc7 $14 {with a slightly passive, but very solid position.}) 19. Nf3 Qb6 {
Black tries to get some activity on the queenside.} 20. Qf1 $6 {[%cal Gf1h3] A
very attractive continuation, that brought me a nice victory, but objectively
this move not the best one.} (20. Ne4 {doesn't promise much in view of} f5 $1 (
20... Qb4 21. Qc2 $14) 21. Ned2 Qb4 22. Qc2 c5 $1 {and Black equalises
comfortably.}) ({Now I believe White should have played} 20. Rb1 Qb4 21. Qd3 f5
22. Qc2 {keeping somewhat better chances, but definitely Black has reasonable
play.}) 20... Qxb2 $1 {The critical continuation.} 21. Nxd5 cxd5 ({Certainly} 
21... exd5 $6 {would be a clear conssession, since after} 22. Rb1 Qc2 23. Rxb7
$14 {Black has a damaged pawn structure on the queenside.}) 22. f5 $1 {This
was my idea, I believed that with Black's queen being temporailry far from the
kingside White could generate a dangerous offensive; in fact Black has enough
defensive resources to maintain balance.} ({Of course} 22. Rb1 Qc2 23. Rxb7 Rf7
{is not dangerous for Black.}) 22... Qb6 {Another defensive idea would have
been} ({It was better to play} 22... exf5 23. Nh4 Rf7 24. Nxf5 Kh8 {I didn't
find anything decisive for White, but there are two nice lines, that lead to
the draw} 25. Nxg7 {and} (25. Qh3 Bf8 (25... Qxf2 $4 26. Rg2 $18) 26. Qh5 Rd7
27. Rg3 Qc2 28. Rdg1 Qe4+ 29. f3 Qe6 30. Qxh7+ Kxh7 31. Rh3+ Kg8 32. Nh6+ $11)
25... Rxg7 26. Rxg7 Kxg7 27. Qg2+ Kf7 (27... Kh8 $2 28. Rg1 $18) 28. Qxd5+ Ke8
29. Rg1 Qb6 30. Qg8+ Kd7 $1 (30... Bf8 $2 31. Rg7 $18) 31. Qxa8 Qc6+ 32. Rg2
Qc1+ 33. Rg1 Qc6+ $11) 23. Qh3 Rfe8 $4 {Black's only serious mistake in the
game appears to be a decisive one.} ({Black could have still maintained the
balance by means of} 23... exf5 $1 24. Nh4 ({Winning the exchange doesn't
bring White much:} 24. Qh6 Rf7 25. Ne5 Raf8 26. Nxf7 Rxf7 27. Qf4 Qe6 {and two
pawns fully compensate for the exchange, for instance} 28. Qb8+ Bf8 29. Rc1 g6
30. Rc7 Qe4+ 31. Rg2 Qb1+ $11) 24... Rf7 25. Nxf5 Kh8 {Black's position looks
quite dangerous from the human point of view, but I didn't manage to find how
White can decide the game. It looks like White should settle for the draw.} 26.
Rg3 {, or} (26. Rg6 Bf8 27. Rdg1 Qe6 28. Nh6 $1 Re7 29. Qxe6 Rxe6 30. Nf7+ Kg8
31. Nh6+ $11) 26... Bf8 27. Rdg1 Qe6 28. Qxh7+ Kxh7 29. Rh3+ Kg8 30. Nh6+ Kh7
$11) 24. Rxg7+ $3 {A decisive blow, that decides the game instantly.} Kxg7 25.
Rg1+ Kh8 26. Nh4 $1 h6 ({The key point of my combination is} 26... Rg8 27. Ng6+
Rxg6 28. fxg6 $18 {[%cal Gh3h7]}) 27. Ng6+ Kh7 28. fxe6 $1 $18 {[%cal Gh3f5] I
was happy to find this idea, when I was calculating the consequences of 24.
Rg7. Black is absolutely helpless against the coming Qf5.} ({I also realized,
that most probably} 28. Nxe7 {is enough for a win as well, due to the
following line:} Rxe7 29. Rg6 Qb1+ 30. Kg2 Qe4+ 31. Kg3 $18 {, but the game
continuation is much more elegant.}) 28... Ra6 29. Qf5 Qxe6 30. Nf8+ {[%cal
Gf5h7] Next 31. Qh7 mate.} 1-0